Maggior numero di Vittorie al Gran Premio degli Stati Uniti d'America - Statistics

Statistiche generali
  • Questo quiz è stato fatto 8 volte
  • Il punteggio medio è 6 su 9
Statistiche sulle risposte
Numero vittorie Stagioni delle vittorie Pilota % Corretto
2 1990, 1991 Ayrton Senna
100%
6 2007, 2012, 2014, 2015, 2016, 2017 Lewis Hamilton
100%
3 2021, 2022, 2023 Max Verstappen
100%
5 2000, 2003, 2004, 2005, 2006 Michael Schumacher
100%
3 1963, 1964, 1965 Graham Hill
75%
2 1976, 1977 James Hunt
50%
2 1968, 1972 Jackie Stewart
25%
3 1962, 1966, 1967 Jim Clark
25%
2 1974, 1978 Carlos Reutemann
0%
Nessun quiz corrispondente trovato
Distribuzione punteggi
Percentuale di utenti per punteggio
Percentile per numero di risposta
I tuoi punteggi nel tempo
Non hai fatto questo quiz